• 首页
  • 本馆介绍
  • 公告通知
  • 最新文献
  • 馆藏检索
  • 电子资源
  • 读者导购
  • 参考咨询
  • 我的图书馆
  • 登录
  • 详细信息显示
  • 放入我的书架
  • 预约/预借图书
  • 作者相关作品
  • 分类相关作品
  • 丛书相关作品
  • 出版社相关作品

书目信息

  • 表格格式
  • 工作单格式
  • 卡片格式
题名:
胜任才是硬道理
    
 
作者: 施伟德 著
分册:  
出版信息: 北京   中共中央党校出版社  2008
页数: 160页
开本: 24cm
丛书名:
单 册:
中图分类: B848.2
科图分类:
主题词: 能力--开发--通俗读物
电子资源:
ISBN: 978-7-5035-3863-6
000 00763nam0 2200229 450
001 1540217739
005 20150125135018.26
010    @a978-7-5035-3863-6@dCNY22.80
100    @a20080424d2008 em y0chiy50 ea
101 0  @achi
102    @aCN@b110000
105    @ay z 000yy
200 1  @a胜任才是硬道理@9sheng ren cai shi ying dao li@dCompetence is power@f施伟德著@zeng
210    @a北京@c中共中央党校出版社@d2008
215    @a160页@d24cm
330    @a本书介绍了提高胜任力的五大指标,即:习惯于找方法、树立结果意识、拥有创新思维、主动自发做事、忠诚和负责任。
510 1  @aCompetence is power@zeng
606 0  @a能力@x开发@j通俗读物
690    @aB848.2@v5
701  0 @a施伟德@9shi wei de@4著
801  0 @aCN@bTSSF@c20150125
905    @aZUCC@dB848.2@eJY151
    
    胜任才是硬道理=Competence is power/施伟德著.-北京:中共中央党校出版社,2008
    160页;24cm
    
    
    ISBN 978-7-5035-3863-6:CNY22.80
    本书介绍了提高胜任力的五大指标,即:习惯于找方法、树立结果意识、拥有创新思维、主动自发做事、忠诚和负责任。
●
相关链接 在E读中查询图书 在五车中查询图书 在当当中查询图书 在豆瓣中查询图书


正题名:胜任才是硬道理     索取号:B848.2/JY151         预约/预借

序号 登录号 条形码 馆藏地/架位号 状态 备注
1 7852109   278521093   学院路分馆/ [索取号:B848.2/JY151] 在馆    
2 7854319   278543195   学院路分馆/ [索取号:B848.2/JY151] 在馆    
唐山师范学院图书馆 欢迎您!
大连网信软件有限公司© 版权所有